| 000 | 00994nam a2200313 a 4500 | ||
|---|---|---|---|
| 005 | 20260322212032.0 | ||
| 008 | data | ||
| 010 | _a 98104813 | ||
| 020 | _a0395850592 | ||
| 020 | _a9780395850596 | ||
| 040 |
_aWaS _cWaS _dDLC |
||
| 042 | _alccopycat | ||
| 043 | _as------ | ||
| 050 | 0 | 4 |
_aF2211 _b.S65 1997 |
| 082 | 0 | 0 |
_a918.04/39 _221 |
| 092 | _a918.04 S65 1997 | ||
| 245 | 0 | 0 |
_aSouth America / _cedited by Tony Perrottet, Eduardo Gil & Brian Bell. |
| 250 | _a3rd ed. | ||
| 260 |
_aBoston, Mass. : _bDistributed in the U.S. by Houghton Mifflin, _aBoston, Mass. : _bDistributed in the U.S. by Houghton Mifflin, _c1997. |
||
| 300 |
_a391 p. : _bill. (some col.), col. maps ; _c23 cm. |
||
| 440 | 0 |
_aInsight guides ; _v116 |
|
| 504 | _aIncludes bibliographical references and index. | ||
| 651 | 0 |
_aSouth America _xGuidebooks. |
|
| 651 | 0 |
_aSouth America _xDescription and travel. |
|
| 700 | 1 | _aPerrottet, Tony. | |
| 700 | 1 | _aGil, Eduardo. | |
| 700 | 1 |
_aBell, Brian, _d1944- |
|
| 001 | data | ||
| 999 |
_c747 _d747 |
||